Loreto College Library, Kolkata
WEBOPAC (ONLINE PUBLIC ACCESS CATALOGUE)

A book of english essay (Record no. 5200)

MARC details
000 -LEADER
fixed length control field 00463nam a2200181Ia 4500
005 - DATE AND TIME OF LATEST TRANSACTION
control field 20230121093504.0
008 - FIXED-LENGTH DATA ELEMENTS--GENERAL INFORMATION
fixed length control field 131103s9999 xx 000 0 und d
040 ## - CATALOGING SOURCE
Original cataloging agency Loreto College
041 ## - LANGUAGE CODE
Language code English
082 ## - DDC | ডিউই
Classification number | বর্গসংখ্যা 824.08
Book Number | গ্রন্থাঙ্ক WIL
245 #2 - TITLE STATEMENT | অাখ্যা বিবরণী
Title | অাখ্যা A book of english essay
Statement of responsibility | লেখকের দায়িত্বের বিবরণ selected by W.E.Williams
260 ## - IMPRINT | প্রকাশনা ক্ষেত্র
Place of publication | প্রকাশ স্থান London
Name of publisher | প্রকাশকের নাম Penguin Books
Date of publication | প্রকাশ কাল 1980
300 ## - PHYSICAL DESCRIPTION |
Page / Vol. No | পৃষ্ঠা / খন্ড সংখ্যা 384 p.
440 ## - SERIES STATEMENT |গ্রন্থমালা
Series Title | গ্রন্থমালা অাখ্যা Penguin Engish Literary
700 ## - ADDED ENTRY--PERSONAL NAME | অতিরিক্ত সংলেখ - ব্
Personal name | ব্যাক্তিনাম William,W.E.
850 ## - HOLDING INSTITUTION
Holding institution LCLIB
942 ## - ADDED ENTRY ELEMENTS (KOHA)
Koha item type Books
Holdings
Withdrawn status Lost status Source of classification Damaged status Not for loan Home library Current library Date acquired Total Checkouts Full call number Accession No. Date last seen Date checked out Price effective from Koha item type Coded location qualifier
    Dewey Decimal Classification     Loreto College Loreto College 04/11/2013 1 824.08 WIL 38301 B5068 08/08/2016 27/11/2015 04/11/2013 Books